The quest of the golden boy ; the life ad letters of Richard Le Gallienne /

Bibliographic Details
Main Author: Whittington-Egan, Richard, 1924-
Other Authors: Smerdon, Geoffrey
Format: Book
Language:English
Published: Barre, Mass. : Barre Pub. Co., 1962
Edition:[1st. American ed.].
Subjects:

MARC

Tag First Indicator Second Indicator Subfields
LEADER 00000cam a2200000 4500
001 in00000507621
005 20151013063630.0
008 750205c19621960maua 00010 eng
010 |a  62016849  
035 |a (OCoLC)01161502 
035 |9 ACD5189AM 
040 |c TOL  |d TXA  |d UtOrBLW 
049 |a TXAM  |c 1 [401994], 2 [1106762] 
050 0 0 |a PR4882  |b .W45 1962 
100 1 |a Whittington-Egan, Richard,  |d 1924- 
245 1 4 |a The quest of the golden boy ;  |b the life ad letters of Richard Le Gallienne /  |c Richard Whittington-Egan & Geoffrey Smerdon. 
250 |a [1st. American ed.]. 
264 1 |a Barre, Mass. :  |b Barre Pub. Co.,  |c 1962 
264 4 |c [©1960] 
300 |a 580 pages :  |b illustrations ;  |c 26 cm. 
336 |a text  |b txt  |2 rdacontent 
337 |a unmediated  |b n  |2 rdamedia 
338 |a volume  |b nc  |2 rdacarrier 
600 1 0 |a Le Gallienne, Richard,  |d 1866-1947. 
700 1 |a Smerdon, Geoffrey. 
999 |a MARS 
999 f f |s f96af9f3-8d91-31c0-b22d-c978651e80c5  |i c6a37f10-2168-3b74-9d9f-82518c173299  |t 0 
952 f f |p ric  |a Texas A&M University  |b Rellis Campus  |c Joint Library Facility  |s JLF  |d Remote Storage  |t 0  |e PR4882 .W45 1962  |h Library of Congress classification  |i unmediated -- volume  |m A14803965751 
998 f f |a PR4882 .W45 1962  |t 0  |l Remote Storage